Managing quality in tourism : theory and practice
Αποθηκεύτηκε σε:
| Κύριος συγγραφέας: | |
|---|---|
| Άλλοι συγγραφείς: | |
| Μορφή: | Βιβλίο |
| Γλώσσα: | English |
| Δημοσίευση: |
Dublin :
Oak Tree Press,
c1998
|
| Θέματα: | |
| Ετικέτες: |
Προσθήκη ετικέτας
Δεν υπάρχουν, Καταχωρήστε ετικέτα πρώτοι!
|
MARC
| LEADER | 00000cam a2200000 i 4500 | ||
|---|---|---|---|
| 001 | 1/21632 | ||
| 008 | 060113s1998 eng d | ||
| 020 | |a 1-86076-100-3 (pbk.) | ||
| 035 | |l 10081932 | ||
| 040 | |a GR-MY-UA |b gre |e aacr | ||
| 041 | 0 | |a eng | |
| 082 | 0 | |a 338.4791 |2 (22) | |
| 100 | 1 | |a Lenehan, Tony. | |
| 245 | 1 | 0 | |a Managing quality in tourism : |b theory and practice / |c Tony Lenehan; Denis Harrington |
| 260 | |a Dublin : |b Oak Tree Press, |c c1998 | ||
| 300 | |a xxv, 302 σ.; |c 23 εκ. | ||
| 504 | |a Περιλαμβάνει βιβλιογραφία και ευρετήριο | ||
| 650 | 0 | 0 | |a Tourism. |
| 650 | 0 | 0 | |a Quality assurance. |
| 700 | 1 | |a Harrington, Dennis. | |
| 852 | |a INST |b CHIOS |e 20060113 |h 338.4791 LEN |p 005200024117 |q 005200024117 |t BK |y 0 | ||
| 901 | |a BIBL2-2006-1 | ||
| 909 | |a Χ |b 112202 | ||
| 970 | |a ΣΑΛΑΜΟΥΡΑ |b ΜΑΡΙΑ |z 2006/01/13 | ||